000 01183cam a22002413a 4500
001 7530
003 PGUSA
005 20140828083146.0
008 050201s2005||||xxu|||||s|||||000 | eng d
040 _aPGUSA
_beng
042 _adc
050 4 _aPJ
100 1 _aSlouschz, Nahum,
_d1872-1966
245 1 4 _aThe Renascence of Hebrew Literature (1743-1885)
_h[electronic resource] /
_cNahum Slouschz
260 _bProject Gutenberg,
_c2005
505 0 _aIn Italy. Moses Hayyim Luzzatto -- In Germany. The Meassefim -- In Poland and Austria. The Galician school -- In Lithuania. Humanism in Russia -- The romantic movement. Abraham Mapu -- The emancipation movement. The realists -- The conflict with Rabbinism. Judah Leon Gordon -- Reformers and conservatists. The two extremes -- The national progressive movement. Perez Smolenskin -- The contributors to Ha-Shahar -- The novels of Smolenskin -- Contemporaneous literature -- Conclusion.
506 _aPublic domain in the USA.
516 _aElectronic text
653 _aHebrew literature, Modern -- History and criticism
830 0 _aProject Gutenberg
_v7530
856 4 0 _uhttp://www.gutenberg.org/ebooks/7530
942 _cEB
999 _c236850
_d236850